<?xml version="1.0" encoding="UTF-8"?><marc:collection xmlns:marc="http://www.loc.gov/MARC21/slim">
  <marc:record>
    <marc:leader>00000nas##2200000za#4500</marc:leader>
    <marc:controlfield tag="001">9.514685</marc:controlfield>
    <marc:controlfield tag="003">CaOODSP</marc:controlfield>
    <marc:controlfield tag="005">20200325130253</marc:controlfield>
    <marc:controlfield tag="007">he ||||||||||</marc:controlfield>
    <marc:controlfield tag="008">150406c1990||||xxc|| m b||||f|   |0eng|d</marc:controlfield>
    <marc:datafield tag="022" ind1=" " ind2=" ">
      <marc:subfield code="a">0711-6764</marc:subfield>
    </marc:datafield>
    <marc:datafield tag="040" ind1=" " ind2=" ">
      <marc:subfield code="a">CaOODSP</marc:subfield>
      <marc:subfield code="b">eng</marc:subfield>
    </marc:datafield>
    <marc:datafield tag="043" ind1=" " ind2=" ">
      <marc:subfield code="a">n-cn---</marc:subfield>
    </marc:datafield>
    <marc:datafield tag="086" ind1="1" ind2=" ">
      <marc:subfield code="a">Fs97-18E-M</marc:subfield>
    </marc:datafield>
    <marc:datafield tag="110" ind1="1" ind2=" ">
      <marc:subfield code="a">Canada. </marc:subfield>
      <marc:subfield code="b">Department of Fisheries and Oceans.</marc:subfield>
    </marc:datafield>
    <marc:datafield tag="245" ind1="1" ind2="0">
      <marc:subfield code="a">Canadian technical report of hydrography and ocean sciences </marc:subfield>
      <marc:subfield code="h">[microform]</marc:subfield>
    </marc:datafield>
    <marc:datafield tag="260" ind1=" " ind2=" ">
      <marc:subfield code="b">Fisheries and Oceans Canada </marc:subfield>
    </marc:datafield>
    <marc:datafield tag="500" ind1=" " ind2=" ">
      <marc:subfield code="a">Note: Copies are available for sale in paper copy or microfiche from Micromedia Limited, Toronto. Fisheries and Oceans maintain only a limited free mailing list for Canadian libraries requiring the complete series.</marc:subfield>
    </marc:datafield>
    <marc:datafield tag="520" ind1="3" ind2=" ">
      <marc:subfield code="a">Contains scientific and technical information that contributes to existing knowledge but is not normally appropriate for primary literature. The subject matter reflects the programs and interests of the Ocean Science and Surveys sector of the Department of Fisheries and Oceans.</marc:subfield>
    </marc:datafield>
    <marc:datafield tag="776" ind1="0" ind2="#">
      <marc:subfield code="t">Canadian technical report of hydrography and ocean sciences </marc:subfield>
      <marc:subfield code="w">(CaOODSP)9.514684</marc:subfield>
    </marc:datafield>
  </marc:record>
</marc:collection>
